Countries With The Most Agricultural Machinery Per Capita - Statistics

General Stats
  • This quiz has been taken 15 times
  • The average score is 10 of 15
Answer Stats
Amount Per 1,000 people Country % Correct
40.65 Austria
86%
29.16 Italy
86%
35.9 Poland
86%
23.16 Canada
79%
37.22 Finland
79%
54.2 Slovenia
79%
23.78 Latvia
71%
29.62 Lithuania
71%
28.48 Norway
71%
40.01 Serbia
71%
39.94 Estonia
64%
37.26 Iceland
64%
38.79 Ireland
57%
40.01 Montenegro
43%
23.73 Cyprus
14%
No matching quizzes found
Score Distribution
Percent of People with Each Score
Percentile by Number Answered
Your Score History
You have not taken this quiz